000 00748cam a22002533a 4500
001 23973
003 PGUSA
005 20140828083518.0
008 071222s2007||||xxu|||||s|||||000 1 eng d
040 _aPGUSA
_beng
042 _adc
050 4 _aPS
100 1 _aBassett, Sara Ware,
_d1872-1968
245 1 0 _aMrs. Christy's Bridge Party
_h[electronic resource] /
_cSara Ware Bassett
260 _bProject Gutenberg,
_c2007
506 _aPublic domain in the USA.
516 _aElectronic text
653 _aBridge players -- Fiction
653 _aSocial classes -- United States -- Fiction
653 _aNew York (N.Y.) -- Fiction
830 0 _aProject Gutenberg
_v23973
856 4 0 _uhttp://www.gutenberg.org/ebooks/23973
942 _cEB
999 _c253228
_d253228